Estatísticas para União Soviética - múltipla escolha

Clique aqui para jogar o quiz

Estatísticas Gerais

  • Esse quiz foi jogado 249 vezes
  • A pontuação média é 10 de 15

Estatísticas das Respostas

QuestãoResposta% Correto
Contra quem a URSS lutou a chamada Guerra Fria?Estados Unidos
98%
Cidade onde os soviéticos construíram um muro que virou símbolo da divisão do mundo no Século XXBerlim
95%
O primeiro animal no espaço foi Laika, enviada pelos soviéticos em 1957. Qual animal era Laika?Cadela
92%
Sucessor do líder mencionado acimaJosef Stálin
90%
Primeiro líder do paísVladimir Lênin
83%
Último líder da URSSMikhail Gorbatchov
77%
Quantos países apareceram com a dissolução da URSS?15
69%
País invadido pela URSS em 1979Afeganistão
68%
Ano de dissolução da URSS1991
60%
Nome do urso que foi mascote da Olimpíadas de Moscou de 1980Misha
60%
Maior adversário da URSS na chamada Grande Guerra PatrióticaAlemanha
51%
Nome da cidade de São Petersburgo durante os tempos de URSSLeningrado
46%
Quantas vezes a URSS enfrentou o Brasil em jogos de Copa do Mundo de futebol?2
44%
Ano de fundação da URSS1922
43%
Países invadidos por tropas do Pacto de Varsóvia, liderado pela URSS, respectivamente em 1956 e 1968Hungria e Tchecoslováquia
43%

Distribuição das Pontuações

Percentil de Números Respondidos

Porcentagem de Pessoas com Cada Pontuação

Sua Pontuação Histórica

Você não jogou esse quiz